000 00424nam a2200169Ia 4500
005 20250423100444.0
008 250422s9999 xx 000 0 und d
020 _a3- 7186- 0032- 3
050 _aQC 793 .2 .L43/
100 _aT. D. Lee
245 0 _aParticle physics and introduction to field theory
260 _bHarwood academic
260 _c1981
300 _a865 p
650 _aNuclear reactions
942 _cBK
999 _c33360
_d33360